| 000 | 01145nam a22003377a 4500 | ||
|---|---|---|---|
| 003 | CHAP | ||
| 005 | 20220817043343.0 | ||
| 008 | 971013s1993 r 00010 d | ||
| 010 | _a72956 | ||
| 011 | _a73928 | ||
| 035 | _a83486 | ||
| 040 | _cCHAP | ||
| 082 |
_a635.975 _bB5 |
||
| 100 | 0 | 0 |
_aBlessington, Thomas M. _913163 |
| 245 |
_aFoliage plants _b: prolonging quality |
||
| 260 |
_aBatavia, Ill. : _bBall Publishing, _c1993 |
||
| 300 |
_a203 p. _b: ilus. |
||
| 490 | _aPostproduction care & handling | ||
| 590 |
_aBATCH-UPD _b10 _c20130110 _lUCH01 _h0238 |
||
| 590 |
_aBATCH-UPD _b10 _c20130110 _lUCH01 _h2042 |
||
| 590 |
_aCONVERSION _b10 _c20130109 _lUCH01 _h1340 |
||
| 650 | 1 | 4 |
_aPlantas de follaje. _988935 |
| 650 | 1 | 4 | _aPlantas ornamentales. |
| 700 | 0 |
_aCollins, Pamela C. _925289 |
|
| 830 | 0 |
_aPostproduction care & handling _991070 |
|
| 901 | _aBK | ||
| 942 | _cLIBRO | ||
| 949 |
_a635.975 B5 _bBC _cC _d-94637 _eC _h86822 _i83486 _si _t173.90 |
||
| 949 |
_a635.975 B5 _bBC _cC _d33724000616249 _eC _fc.3 _gI.180062 _h88384 _i83486 _si _t173.90 |
||
| 949 |
_a635.975 B5 _bBC _cLIBRO _d33724000259263 _eLIBRO _fc.2 _gI.173319 _h87815 _i83486 _si _t173.90 |
||
| 999 |
_c72956 _d72956 |
||